How to win friends. (Record no. 12637)

000 -LEADER
fixed length control field 00517nam a2200181 a 4500
001 - CONTROL NUMBER
control field :::00010446$&:&@@
003 - CONTROL NUMBER IDENTIFIER
control field OkBaRHE
005 - DATE AND TIME OF LATEST TRANSACTION
control field 20000607103359.0
008 - FIXED-LENGTH DATA ELEMENTS--GENERAL INFORMATION
fixed length control field j 000 0 eng u
040 ## - CATALOGING SOURCE
Transcribing agency
100 1# - MAIN ENTRY--PERSONAL NAME
Personal name Hickey, Marilyn.
245 10 - TITLE STATEMENT
Title How to win friends.
260 ## - PUBLICATION, DISTRIBUTION, ETC. (IMPRINT)
Place of publication, distribution, etc Denver, CO., :
Name of publisher, distributor, etc Laymen's Library
Date of publication, distribution, etc nd
300 ## - PHYSICAL DESCRIPTION
Extent 24 p. ;
Dimensions 13 cm.
650 ## - SUBJECT ADDED ENTRY--TOPICAL TERM
Topical term or geographic name as entry element Christian Life
942 ## - ADDED ENTRY ELEMENTS (KOHA)
Source of classification or shelving scheme
Koha item type Books
Copies
Withdrawn status Damaged status Shelving location Copy number Permanent Location Price effective from Lost status Barcode Not for loan Koha item type Source of classification or shelving scheme Date acquired Date last seen Full call number
  General Stacks1RHEMA Bible Training College2010-04-14 10446 Books 2010-04-142010-04-14BV 4501 .H5